Nuclear Reactor Engineering : Reactor Systems Engineering

Guardado en:
Detalles Bibliográficos
Autores principales: Glasstone, Samuel (Autor), Sesonske, Alexander (Autor)
Formato: Libro
Lenguaje:inglés
Publicado: New York : Chapman and Hall, 1994
Materias:
Etiquetas: Agregar Etiqueta
Sin Etiquetas, Sea el primero en etiquetar este registro!

MARC

LEADER 00000nam a22000003a 4500
001 stu52033
005 20230512115458.3
008 000214s1994----xxu-----------------eng-d
020 |a 0-412-98531-4 
040 |a STU  |b slo 
041 0 |a eng 
044 |a xxu 
080 |a 539.1 
080 |a 621.039.5 
084 |a A2400  |2 INS 
084 |a A2850  |2 INS 
084 |a B8220B  |2 INS 
100 1 |a Glasstone, Samuel  |4 aut 
245 1 |a Nuclear Reactor Engineering :  |b Reactor Systems Engineering 
260 |a New York :  |b Chapman and Hall,  |c 1994 
300 |a 852 s 
650 7 |a jadrové reaktory  |2 stusub 
650 7 |a jadrová fyzika  |2 stusub 
650 7 |a atómová energetika  |2 stusub 
650 7 |a atómová fyzika  |2 stusub 
650 7 |a jadrová fyzika  |2 stusub 
700 1 |a Sesonske, Alexander  |4 aut 
996 |b 284EK83145  |c E*83145  |l EE10  |s P  |a 0  |w stu52033_0001 
996 |b 284EK89762  |c E* 89762  |l EE36  |s P  |a 0  |w stu52033_0002